<?xml version="1.0" encoding="UTF-8"?>
<collection xmlns="http://www.loc.gov/MARC21/slim">
 <record>
  <leader>04046nam a22003611a 4500</leader>
  <controlfield tag="001">000041162</controlfield>
  <controlfield tag="003">17458</controlfield>
  <controlfield tag="005">20240619145825.0</controlfield>
  <controlfield tag="008">170307s2016    vm            000   eng</controlfield>
  <datafield tag="041" ind1=" " ind2=" ">
   <subfield code="a">eng</subfield>
  </datafield>
  <datafield tag="082" ind1=" " ind2=" ">
   <subfield code="a">421</subfield>
   <subfield code="b">DƯ-V</subfield>
  </datafield>
  <datafield tag="100" ind1=" " ind2=" ">
   <subfield code="a">Dư,Trần Thiện Vi</subfield>
  </datafield>
  <datafield tag="245" ind1=" " ind2="2">
   <subfield code="a">A study into linguistic features of expressions denoting optimism in english and vietnamese economic news /</subfield>
   <subfield code="c">Dư Trần Thiện Vi.</subfield>
  </datafield>
  <datafield tag="260" ind1=" " ind2=" ">
   <subfield code="a">ĐHNN,</subfield>
   <subfield code="c">2016.</subfield>
  </datafield>
  <datafield tag="300" ind1=" " ind2=" ">
   <subfield code="a">89tr . : ill ; 30cm.</subfield>
  </datafield>
  <datafield tag="520" ind1=" " ind2=" ">
   <subfield code="a">This is a study on the syntactic, semantic and pragmatic features of the expressions denoting optimism in English and Vietnamese economic news and making comparision to find out the similarities and differences of these features between two languages. To reach the goal, the data used for examination and analysis were taken from various linguistic materials such as dictionaries, English newspapers and internet included. 400 samples were collected from popular online newspapers such as CNN, BBC in English and Vneconomy in Vietnamese. Lexically, words and phrases denoting development were found to be typical expressions employed in both language of which the English economic news were more diversified than those in Vietnamese. Syntactically, verb phrases, noun phrases, adjective phrases, preposition phrases and advevb phrases were prominent features which were thoroughly analyzed and compared. This research is also intended to draw out some implications in teaching, learning and translating. Any unanswered questions in this study require further researches due to the limited scope of the research. Hopefully, the result of the study can be somewhat beneficial for teaching and learning English. Also, this study may be useful for economic journalism students in writing news. It may help entrepreneurs, teacher and students to draw up and understand more economic news. The findings lay the foundations of implications for teaching and learning to achieve better communicative competence.</subfield>
  </datafield>
  <datafield tag="650" ind1=" " ind2=" ">
   <subfield code="a">linguistic features</subfield>
  </datafield>
  <datafield tag="653" ind1=" " ind2=" ">
   <subfield code="a">economic news</subfield>
  </datafield>
  <datafield tag="653" ind1=" " ind2=" ">
   <subfield code="a">denoting optimism</subfield>
  </datafield>
  <datafield tag="OWN" ind1=" " ind2=" ">
   <subfield code="a">LNN</subfield>
  </datafield>
  <datafield tag="AVA" ind1=" " ind2=" ">
   <subfield code="a">UDN50</subfield>
   <subfield code="b">LNN</subfield>
   <subfield code="c">English</subfield>
   <subfield code="d">421 DƯ-V</subfield>
   <subfield code="e">available</subfield>
   <subfield code="t">Error 5001 Not defined in file expand_doc_bib_avail.</subfield>
   <subfield code="f">1</subfield>
   <subfield code="g">0</subfield>
   <subfield code="h">N</subfield>
   <subfield code="i">0</subfield>
   <subfield code="j">AN</subfield>
   <subfield code="k">1</subfield>
  </datafield>
  <datafield tag="Z40" ind1="3" ind2=" ">
   <subfield code="y">A STUDY INTO LINGUISTIC FEATURES OF EXPRESSIONS DENOTING OPTIMISM IN ENGLISH AND VIETNAMESE ECONOMIC</subfield>
   <subfield code="l">Library of UFL</subfield>
   <subfield code="t">VIEW</subfield>
   <subfield code="x">http://catalog.udn.vn:80/F?func=service&amp;doc_library=UDN01&amp;local_base=UDN01&amp;doc_number=000041162&amp;sequence=000001&amp;line_number=0001&amp;func_code=DB_RECORDS&amp;service_type=MEDIA</subfield>
   <subfield code="f">TOMTAT_000007867.pdf</subfield>
   <subfield code="e">pdf</subfield>
   <subfield code="s">000388691</subfield>
   <subfield code="k">20200913</subfield>
   <subfield code="m">NTMTHI</subfield>
  </datafield>
  <datafield tag="Z40" ind1="3" ind2=" ">
   <subfield code="y">A STUDY INTO LINGUISTIC FEATURES OF EXPRESSIONS DENOTING OPTIMISM IN ENGLISH AND VIETNAMESE ECONOMIC</subfield>
   <subfield code="l">Library of UFL</subfield>
   <subfield code="t">VIEW</subfield>
   <subfield code="x">http://catalog.udn.vn:80/F?func=service&amp;doc_library=UDN01&amp;local_base=UDN01&amp;doc_number=000041162&amp;sequence=000002&amp;line_number=0002&amp;func_code=DB_RECORDS&amp;service_type=MEDIA</subfield>
   <subfield code="f">LUANVAN_000007869.pdf</subfield>
   <subfield code="e">pdf</subfield>
   <subfield code="s">001034559</subfield>
   <subfield code="k">20200913</subfield>
   <subfield code="m">NTMTHI</subfield>
  </datafield>
  <datafield tag="999" ind1=" " ind2=" ">
   <subfield code="a">From the UDN01</subfield>
  </datafield>
  <datafield tag="AVA" ind1=" " ind2=" ">
   <subfield code="a">UDN50</subfield>
   <subfield code="b">LNN</subfield>
   <subfield code="c">English</subfield>
   <subfield code="d">421 DƯ-V</subfield>
   <subfield code="e">available</subfield>
   <subfield code="t">Error 5001 Not defined in file expand_doc_bib_avail.</subfield>
   <subfield code="f">1</subfield>
   <subfield code="g">0</subfield>
   <subfield code="h">N</subfield>
   <subfield code="i">0</subfield>
   <subfield code="j">AN</subfield>
   <subfield code="k">1</subfield>
  </datafield>
  <datafield tag="TYP" ind1=" " ind2=" ">
   <subfield code="a">Monograph</subfield>
  </datafield>
  <datafield tag="TYP" ind1=" " ind2=" ">
   <subfield code="a">Printed language</subfield>
  </datafield>
  <datafield tag="856" ind1=" " ind2=" ">
   <subfield code="y">A STUDY INTO LINGUISTIC FEATURES OF EXPRESSIONS DENOTING OPTIMISM IN ENGLISH AND VIETNAMESE ECONOMIC</subfield>
   <subfield code="l">Library of UFL</subfield>
   <subfield code="t">VIEW</subfield>
   <subfield code="x">http://catalog.udn.vn:80/F?func=service&amp;doc_library=UDN01&amp;local_base=UDN01&amp;doc_number=000041162&amp;sequence=000001&amp;line_number=0001&amp;func_code=DB_RECORDS&amp;service_type=MEDIA</subfield>
   <subfield code="f">TOMTAT_000007867.pdf</subfield>
   <subfield code="e">pdf</subfield>
   <subfield code="s">000388691</subfield>
   <subfield code="k">20200913</subfield>
   <subfield code="m">NTMTHI</subfield>
  </datafield>
  <datafield tag="856" ind1=" " ind2=" ">
   <subfield code="y">A STUDY INTO LINGUISTIC FEATURES OF EXPRESSIONS DENOTING OPTIMISM IN ENGLISH AND VIETNAMESE ECONOMIC</subfield>
   <subfield code="l">Library of UFL</subfield>
   <subfield code="t">VIEW</subfield>
   <subfield code="x">http://catalog.udn.vn:80/F?func=service&amp;doc_library=UDN01&amp;local_base=UDN01&amp;doc_number=000041162&amp;sequence=000002&amp;line_number=0002&amp;func_code=DB_RECORDS&amp;service_type=MEDIA</subfield>
   <subfield code="f">LUANVAN_000007869.pdf</subfield>
   <subfield code="e">pdf</subfield>
   <subfield code="s">001034559</subfield>
   <subfield code="k">20200913</subfield>
   <subfield code="m">NTMTHI</subfield>
  </datafield>
  <datafield tag="980" ind1=" " ind2=" ">
   <subfield code="a">Mạng thư viện Đại học Đà Nẵng</subfield>
  </datafield>
 </record>
</collection>
